100 images - 100 séries TV. Quiz ultime ! - Statistiques

Statistiques générales
  • Ce quiz a été pris 13 016 fois
  • Le résultat moyen est 48 sur 100
Statistiques - réponses
Par images Réponse % Correct
Friends
96%
Les Simpson
93%
Mercredi
93%
Squid game
91%
La casa de papel
90%
Lupin
90%
Lucifer
88%
Strangers things
88%
Grey's anatomy
87%
Prison Break
86%
Malcolm
85%
Breaking bad
82%
Elite
82%
Sex education
79%
The 100
76%
H
74%
The Big bang theory
74%
Emily in Paris
73%
South Park
73%
Orange Is the New Black
72%
Riverdale
72%
You
72%
Game of Thrones
71%
Rick et Morty
71%
Alerte à Malibu
70%
Dragon Ball Z
70%
Vampire Diaries
70%
Ma famille d'abord
68%
Desperate Housewives
67%
La petite maison dans la prairie
66%
Pretty Little Liars
64%
Vikings
63%
Dr House
62%
Kaamelott
61%
The Mentalist
59%
The Walking Dead
58%
NCIS : Enquêtes spéciales
57%
Plus belle la vie
57%
Dexter
55%
Jane the Virgin
55%
Charmed
53%
Hannah Montana
53%
How i met your mother
52%
Once upon a time
52%
Monk
50%
Star Trek
50%
Une nounou d'enfer
50%
Buffy contre les vampires
48%
Futurama
48%
Lost, les disparus
47%
Le prince de Bel-Air
46%
Urgences
45%
Bones
44%
Glee
44%
Ugly Betty
44%
Les frères Scott
42%
Esprits Criminels
40%
Modern Family
40%
Sabrina l'apprentie sorcière
39%
Family Guy
37%
Ghost Whisperer
37%
Caméra café
35%
Scorpion
34%
Sex and the city
34%
Un, dos, tres
34%
Downton Abbey
33%
Hélène et les garcons
33%
MacGyver
33%
Walker, texas ranger
33%
BoJack Horseman
31%
Docteur Quinn : femme médecin
31%
Gilmore Girls
30%
Supernatural
29%
The X-Files
29%
Black Mirror
28%
New Girls
28%
The Good Place
28%
The Rain
27%
Empire
26%
Fais pas ci, fais pas ça
25%
Le destin de Lisa
25%
Scrubs
24%
The Middle
24%
7 à la maison
22%
The end of the F***ing world
21%
2 broke girls
20%
Dawson
20%
Beverly hills 90210
19%
How i met your father
17%
Kyle XY
17%
Mon oncle Charlie
17%
Ma sorcière bien-aimée
16%
Under the dome
16%
Heroes
14%
Community
12%
Ally McBeal
11%
Premiers baisers
11%
Californication
10%
Happy Days
9%
Cougar Town
6%
Aucun quiz correspondant
Distribution des résultats
% des personnes avec chaque résultat
Percentile par nombre de réponses
Votre historique - résultats
Vous n’avez pas pris ce quiz